Statistics and research methods in psychology with excel / J. P. Verma. (Record no. 22076)

000 -LEADER
fixed length control field 00553nam a22001577a 4500
020 ## - INTERNATIONAL STANDARD BOOK NUMBER
ISBN 9789811334290
082 ## - DEWEY DECIMAL CLASSIFICATION NUMBER
Classification number 150.72
Item number V522 2019
100 ## - MAIN ENTRY--AUTHOR NAME
Personal name Verma, J. P., author.
245 ## - TITLE STATEMENT
Title Statistics and research methods in psychology with excel / J. P. Verma.
250 ## - EDITION STATEMENT
Edition statement 1st edition.
260 ## - PUBLICATION, DISTRIBUTION, ETC. (IMPRINT)
Place of publication Singapore :
Name of publisher Springer Nature Singapore,
Year of publication 2019.
300 ## - PHYSICAL DESCRIPTION
Number of Pages 1 online resource, 619 pages :
Other physical details illustrations (some color).
500 ## - GENERAL NOTE
General note Includes bibliographical references and index.
650 ## - SUBJECT ADDED ENTRY--TOPICAL TERM
Topical Term Psychology—Statistical methods.
942 ## - ADDED ENTRY ELEMENTS (KOHA)
Koha item type Electronic Books
Holdings
Source of acquisition Permanent Location Date acquired Koha item type Lost status Shelving location Current Location Withdrawn status Full call number
DonationsCagayan State University - Carig Library2026-04-15Electronic Books E-Resource SectionCagayan State University - Carig Library 150.72 V522 2019

Cagayan State University University Library, Carig Campus
Tuguegarao City, Cagayan 3500 | www.csucarig.edu.ph

Powered by Koha